ARRUPE JESUIT UNIVERSITY

CORONAVIRUS -STOP THE SPREAD - CLEAN,DISINFECT,COVER

Mestizo logics: (Record no. 4262)

MARC details
000 -LEADER
fixed length control field 00525nam a2200205Ia 4500
003 - CONTROL NUMBER IDENTIFIER
control field 0100
008 - FIXED-LENGTH DATA ELEMENTS--GENERAL INFORMATION
fixed length control field 130227s9999 xx 000 0 und d
040 ## - CATALOGING SOURCE
Transcribing agency ARRUPELIB
050 ## - LIBRARY OF CONGRESS CALL NUMBER
Classification number GN652.M35A4713 1998
100 ## - MAIN ENTRY--PERSONAL NAME
Personal name Amselle, Jean-Loup
9 (RLIN) 38048
245 ## - TITLE STATEMENT
Title Mestizo logics:
Remainder of title anthropology of identity in Africa and elsewhere /
260 ## - PUBLICATION, DISTRIBUTION, ETC. (IMPRINT)
Place of publication, distribution, etc Stanford, California
Name of publisher, distributor, etc Stanford University Press
Date of publication, distribution, etc 1998
300 ## - PHYSICAL DESCRIPTION
Extent xvii
300 ## - PHYSICAL DESCRIPTION
Other physical details 207p. 23cm.
650 ## - SUBJECT ADDED ENTRY--TOPICAL TERM
Topical term or geographic name as entry element Ethnology
Geographic subdivision Mali
9 (RLIN) 38049
650 ## - SUBJECT ADDED ENTRY--TOPICAL TERM
Topical term or geographic name as entry element Guinea
General subdivision History
9 (RLIN) 38050
650 ## - SUBJECT ADDED ENTRY--TOPICAL TERM
Topical term or geographic name as entry element Mali
General subdivision History
9 (RLIN) 38051
650 ## - SUBJECT ADDED ENTRY--TOPICAL TERM
Topical term or geographic name as entry element Ethnology
Geographic subdivision Guinea
9 (RLIN) 38052
650 ## - SUBJECT ADDED ENTRY--TOPICAL TERM
Topical term or geographic name as entry element Ethnicity
General subdivision Philosophy
9 (RLIN) 36302
700 ## - ADDED ENTRY--PERSONAL NAME
Personal name Royal, Claudia tr.
9 (RLIN) 38053
942 ## - ADDED ENTRY ELEMENTS (KOHA)
Source of classification or shelving scheme Library of Congress Classification
Item type Monograph ( Printed materials)
Holdings
Withdrawn status Lost status Source of classification or shelving scheme Damaged status Not for loan Collection code Home library Current library Shelving location Date acquired Total Checkouts Full call number Barcode Date last seen Copy number Price effective from Koha item type
    Library of Congress Classification     Main Collection ARRUPE LIBRARY ARRUPE LIBRARY   27/02/2013   GN652.M35A4713 1998 46405695 09/04/2018 1 27/02/2013 Monograph ( Printed materials)

 

Arrupe Library. PO Box MP320 Mt Pleasant, Harare, Zimbabwe
263 242 745411|librarian@aju.ac.zw